Boundaries of Religion (Record no. 16652)
[ view plain ]
| 000 -LEADER | |
|---|---|
| fixed length control field | 00659nam a2200241 a 4500 |
| 020 ## - INTERNATIONAL STANDARD BOOK NUMBER | |
| ISBN | 0198090404 |
| 082 00 - DEWEY DECIMAL CLASSIFICATION NUMBER | |
| Classification number | 305.80954 |
| Author Cutter | ROB1 |
| 100 ## - MAIN ENTRY--AUTHOR NAME | |
| Author name | Robinson, Rowena |
| 245 ## - TITLE STATEMENT | |
| Title | Boundaries of Religion |
| Sub title | Essays on Christianity, Ethnic Conflict and Violence |
| 260 ## - PUBLICATION, DISTRIBUTION, ETC. (IMPRINT) | |
| Place of publication | Londan |
| Name of publisher | Oxford University Press |
| Year of publication | 2013 |
| 300 ## - PHYSICAL DESCRIPTION | |
| Number of Pages | 299p |
| 500 ## - GENERAL NOTE | |
| General note | includes index and biblioraphy |
| 505 2# - FORMATTED CONTENTS NOTE | |
| Formatted contents note | index |
| 650 ## - SUBJECT ADDED ENTRY--TOPICAL TERM | |
| Topical Term | Ethnic Conflict-India |
| 942 ## - ADDED ENTRY ELEMENTS (KOHA) | |
| Koha item type | Books |
| 700 1# - | |
| -- | Robinson, Rowena |
| Collection code | Home library | Current library | Date acquired | Cost, normal purchase price | Full call number | Accession Number | Koha item type |
|---|---|---|---|---|---|---|---|
| Henry Martyn Institute Library | Henry Martyn Institute Library | 01/28/2014 | 850.00 | 305.80954 ROB1 | 024313 | Books |
